| LEADER | 00410cam a2200145 7i4500 | ||
|---|---|---|---|
| 001 | 0000023593 | ||
| 005 | 20090917090000.0 | ||
| 090 | 0 | 0 | |a T 382.7 |b MOS (INDA) |
| 245 | 0 | 0 | |a The M.F.N tariff schedule [India]. |
| 250 | 0 | 0 | |a 6th ed. |
| 260 | 0 | 0 | |a Segunbagicha Dhaka: |b Liton Law Book centre, |c 2009. |
| 300 | # | # | |a 164 p. |
| 650 | 0 | 0 | |a India |
| 650 | 0 | 0 | |a Tarif -- |z India |
| 999 | |a 0000025316 |b Book |c Tariffs |e Business Information Centre | ||